| Поле | Инд. | ПП | Название | Значение |
|---|---|---|---|---|
| Тип записи | a | |||
| Библиографический уровень | m | |||
| 001 | Контрольный номер | 2e6954509dea41e8aaba14656bed0238 | ||
| 005 | Дата корректировки | 20250515142841.4 | ||
| 020 | a | ISBN | 978-5-534-15854-0 | |
| 080 | a | Индекс УДК | 621(075.8) | |
| 097 | b | Оператор | *Ж* | |
| 097 | b | Оператор | *Фа* | |
| 100 | 10 | a | Автор | Гусев А.А. |
| 245 | 00 | a | Заглавие | Основы гидромеханики |
| b | Продолж. заглавия | учебное пособие для вузов | ||
| b | Продолж. заглавия | в составе учебно-методического комплекса | ||
| 260 | 00 | a | Место издания | Москва |
| b | Издательство | Юрайт | ||
| c | Дата издания | 2023 | ||
| 440 | _0 | a | Серия | Высшее образование |
| 440 | _0 | a | Серия | УМК-У |
| 516 | 8_ | a | Прим. о типе комп. файла/ данных | Текст : электронный |
| 516 | 8_ | a | Прим. о типе комп. файла/ данных | Режим доступа: по подписке |
| 516 | 8_ | a | Прим. о типе комп. файла/ данных | Дата обращения: 01.12.2022 |
| 520 | 0_ | a | Аннотация | В настоящем издании изложены законы движения жидкости. Рассмотрена кинематика движения жидкости, представлены уравнения гидродинамики невязкой и вязкой жидкости, приведены решения гидродинамических уравнений численными методами. Соответствует актуальным требованиям федерального государственного образовательного стандарта высшего образования. Для студентов высших учебных заведений, обучающихся по инженерно-техническим направлениям. |
| 535 | 1_ | a | Хранилище | Образовательная платформа Юрайт |
| 583 | a | Действие | Приписка : УМК | |
| 653 | 0_ | a | Ключевые слова | Кинематика движения |
| a | Ключевые слова | Гидромеханика | ||
| a | Ключевые слова | Уравнения гидродинамики | ||
| a | Ключевые слова | Гидродинамические уравнения | ||
| 655 | a | Жанр/ форма (устаревшее) | У | |
| 773 | 18 | w | Контрольный № источника | 3892c6191c7f4d59b2ca289c2e5361e9 |
| 856 | 40 | u | URL | https://urait.ru/book/osnovy-gidromehaniki-509882 |
| 901 | t | Тип документа | m | |
| 905 | b | Дата создания записи обработка | 20.12.22 | |
| c | Дата приписки | 15.05.25 | ||
| 952 | a | Тип литературы для КСУ ВШ | *У2* | |
| 952 | e | Факультет | *ФПИЭ* | |
| 990 | j | Количество экземпляров (DOS) | 1 | |
| f | Даты поступлений (DOS) | 13.12.22 | ||
| g | Размещение заказа (DOS) | Образовательная платформа Юрайт | ||
| 990 | c | Приоритет заказа (DOS) | *о* | |
| j | Количество экземпляров (DOS) | 1 |